Statistics for All songs from Kid Cudi - Man On The Moon: The End Of Day

Click here to take the quiz!

General Stats

  • This quiz has been taken 9 times
  • The average score is 7 of 15

Answer Stats

HintAnswer% Correct
7Day 'N' Nite (Nightmare)
89%
4Solo Dolo (Nightmare)
78%
2Soundtrack 2 My Life
78%
13Pursuit Of Happiness (Nightmare)
67%
15Up Up & Away
67%
9Enter Galactic (Love Connection Part I)
56%
12Make Her Say
56%
10Alive (Nightmare)
44%
5Heart Of A Lion (Kid Cudi Theme Music)
44%
11Cudi Zone
33%
1In My Dreams (Cudder Anthem)
33%
6My World
33%
3Simple As...
33%
8Sky Might Fall
11%
14Hyyerr
0%

Score Distribution

Percentile by Number Answered

Percent of People with Each Score

Your Score History

You have not taken this quiz